भाषा की उत्पत्ति रचना और विकास / (Record no. 118400)
[ view plain ]
| 000 -LEADER | |
|---|---|
| fixed length control field | 01229nam a22002657a 4500 |
| 005 - DATE AND TIME OF LATEST TRANSACTION | |
| control field | 20170124103111.0 |
| 010 ## - LIBRARY OF CONGRESS CONTROL NUMBER | |
| LC control number | B-211205 |
| 020 ## - INTERNATIONAL STANDARD BOOK NUMBER | |
| Terms of availability | 200.00 |
| International Standard Book Number | 8188459003 |
| 035 ## - SYSTEM CONTROL NUMBER | |
| System control number | B-211205 |
| 037 ## - SOURCE OF ACQUISITION | |
| Source of stock number/acquisition | Cen Lib/Ret |
| 040 ## - CATALOGING SOURCE | |
| Original cataloging agency | DPL |
| Language of cataloging | HN |
| 082 ## - DEWEY DECIMAL CLASSIFICATION NUMBER | |
| Classification number | 401 |
| Item number | दिवाक |
| 100 ## - MAIN ENTRY--PERSONAL NAME | |
| Personal name | दिवाकर, विनोद मणि |
| 9 (RLIN) | 79953 |
| 245 ## - TITLE STATEMENT | |
| Title | भाषा की उत्पत्ति रचना और विकास / |
| Statement of responsibility, etc | विनोद मणि दिवाकर |
| 246 ## - VARYING FORM OF TITLE | |
| Title proper/short title | Bhasha ki utpatti rachana or vikas / |
| Remainder of title | by Vinod Mani Divakar |
| 260 ## - PUBLICATION, DISTRIBUTION, ETC. (IMPRINT) | |
| Place of publication, distribution, etc | दिल्ली |
| Name of publisher, distributor, etc | शुभदा प्रकाशन |
| Date of publication, distribution, etc | 2003 |
| 270 ## - ADDRESS | |
| City | दिल्ली |
| Address | 1/11052, ए, सुभाष पार्क, शाहदरा |
| Postal code | 110032 |
| 300 ## - PHYSICAL DESCRIPTION | |
| Extent | 180पृ. |
| Dimensions | 20सेमी(सजिल्द ) |
| 500 ## - GENERAL NOTE | |
| General note | सन्दर्भ सूची शामिल |
| 650 ## - SUBJECT ADDED ENTRY--TOPICAL TERM | |
| Topical term or geographic name as entry element | हिन्दी --भाषा |
| General subdivision | |
| Geographic subdivision | |
| 9 (RLIN) | 79954 |
| 650 ## - SUBJECT ADDED ENTRY--TOPICAL TERM | |
| Topical term or geographic name as entry element | हिन्दी --भाषा--उत्पत्ति एवं विकास |
| 9 (RLIN) | 79955 |
| 650 ## - SUBJECT ADDED ENTRY--TOPICAL TERM | |
| Topical term or geographic name as entry element | Hindi--language |
| 9 (RLIN) | 9446 |
| 650 ## - SUBJECT ADDED ENTRY--TOPICAL TERM | |
| Topical term or geographic name as entry element | Hindi--language--Origin and Development |
| 9 (RLIN) | 79956 |
| 942 ## - ADDED ENTRY ELEMENTS (KOHA) | |
| Source of classification or shelving scheme | Dewey Decimal Classification |
| Koha item type | Hindi Books |
| Classification part | 401 |
| Call number suffix | दिवाक |
| Withdrawn status | Lost status | Damaged status | Not for loan | Home library | Current library | Date acquired | Source of acquisition | Cost, normal purchase price | Total Checkouts | Full call number | Barcode | Date last seen | Copy number | Cost, replacement price | Price effective from | Koha item type | Date checked out |
|---|---|---|---|---|---|---|---|---|---|---|---|---|---|---|---|---|---|
| Central Library | Central Library | 11/09/2015 | Cen Lib/Ref | 200.00 | 401 दिवाक | B-211205 | 11/09/2015 | 1 | 200.00 | 11/09/2015 | Hindi Books | ||||||
| Central Library | Central Library | 11/09/2015 | Cen Lib/Ref | 200.00 | 2 | 401 दिवाक | B-094762 | 05/01/2019 | 1 | 200.00 | 11/09/2015 | Hindi Books | 27/12/2018 |
